[Event "Reykjavik Open 2015"]
[Site "Reykjavik ISL"]
[Date "2015.03.11"]
[Round "3.87"]
[White "Holm, Fridgeir K"]
[Black "Prieto, Alberto"]
[Result "0-1"]
[WhiteElo "1700"]
[BlackElo "2045"]
[WhiteFideId "2307324"]
[BlackFideId "2083426"]
[EventDate "2015.03.10"]

1. e4 e5 2. Nf3 Nc6 3. Bc4 Nf6 4. d3 Bc5 5. Bg5 d6 6. Nc3 Bg4 7. Bb5 a6 8. Bxc6+
bxc6 9. Qd2 h6 10. Be3 Nd7 11. h3 Bxf3 12. gxf3 Qf6 13. Ke2 Bb4 14. a3 Ba5 15.
b4 Bb6 16. Na4 Bxe3 17. fxe3 Qe7 18. c4 O-O 19. Rag1 f5 20. exf5 Rxf5 21. Rg3
Raf8 22. Rhg1 R8f7 23. Qa2 Nf6 24. b5 Nh5 25. R3g2 Rxf3 26. bxa6 Qh4 27. a7 Rf2+
28. Kd1 Rf1+ 29. Rxf1 Rxf1+ 30. Kc2 Rf8 31. Qb3 Qxh3 32. Rd2 Qc8 33. c5+ d5 34.
Nb6 cxb6 35. cxb6 Qa6 36. Qb4 Nf6 37. a4 Nd7 38. a5 c5 39. Qb3 c4 40. dxc4 Qxa5
41. cxd5 Qxb6 42. Qxb6 Nxb6 43. d6 Kf7 44. Kd3 Ke6 45. Rb2 Nd7 46. Kc4 Ra8 47.
Ra2 Kxd6 48. Ra6+ Kc7 49. Rg6 Rxa7 50. Rxg7 Ra6 51. Kd5 Rd6+ 52. Ke4 Kd8 53. Kf5
Ke8 54. Ke4 Rf6 55. Kd5 Rf7 56. Rg6 h5 57. e4 Rh7 58. Rg1 Ke7 59. Rh1 h4 60. Rh3
Rh5 61. Kc4 Ke6 62. Kd3 Nf8 63. Ke3 Ng6 64. Kf3 Rg5 65. Kf2 Rg4 66. Ra3 Kf6 0-1

[Event "Reykjavik Open 2015"]
[Site "Reykjavik ISL"]
[Date "2015.03.11"]
[Round "3.88"]
[White "Lee, Gudmundur Kristinn"]
[Black "Martinez Lopez, Jaime"]
[Result "1/2-1/2"]
[WhiteElo "1676"]
[BlackElo "2044"]
[WhiteFideId "2303361"]
[BlackFideId "2211254"]
[EventDate "2015.03.10"]

1. e4 c6 2. d4 d5 3. f3 Qb6 4. Nc3 e5 5. dxe5 Bc5 6. Na4 Qa5+ 7. c3 Bxg1 8. Rxg1
dxe4 9. f4 Qd5 10. Be3 Qxd1+ 11. Rxd1 Be6 12. Nc5 Nd7 13. Nxe6 fxe6 14. Bc4 Nf8
15. Rd6 Ne7 16. Bxe6 Nxe6 17. Rxe6 Kf7 18. Rd6 Nf5 19. Bc5 Nxd6 20. Bxd6 Ke6 21.
Ke2 h5 22. Ke3 Kf5 23. h3 h4 24. Be7 Rae8 25. Bg5 Rh5 26. Rf1 Rf8 27. Rd1 Rf7
28. Rd6 Rxg5 29. fxg5 Kxe5 30. Rd4 Kf5 31. Rxe4 1/2-1/2

[Event "Reykjavik Open 2015"]
[Site "Reykjavik ISL"]
[Date "2015.03.11"]
[Round "3.89"]
[White "Skovgaard, Tom"]
[Black "Ontiveros, John"]
[Result "1-0"]
[WhiteElo "2042"]
[BlackElo "1774"]
[WhiteFideId "1406337"]
[BlackFideId "2303981"]
[EventDate "2015.03.10"]

1. e4 d5 2. exd5 Qxd5 3. Nc3 Qa5 4. d4 Nf6 5. Bd2 Bg4 6. Be2 Bxe2 7. Qxe2 e6 8.
Ne4 Qa6 9. Nxf6+ gxf6 10. Qxa6 Nxa6 11. a3 O-O-O 12. Ne2 e5 13. Be3 h5 14. O-O-O
Bh6 15. Bxh6 Rxh6 16. Ng3 h4 17. Nf5 Rh5 18. Ne7+ Kb8 19. dxe5 Rxd1+ 20. Rxd1 c6
21. exf6 Rh6 22. Nf5 Rxf6 23. Nxh4 Rxf2 24. Rg1 Rf4 25. Nf3 Nc5 26. h4 Ne4 27.
Re1 Rg4 28. Re2 f5 29. Kd1 Kc7 30. h5 Kd6 31. h6 Rg6 32. Nh4 Rf6 33. h7 Rf8 34.
Ng6 1-0

[Event "Reykjavik Open 2015"]
[Site "Reykjavik ISL"]
[Date "2015.03.11"]
[Round "3.91"]
[White "Lunn, Matthew"]
[Black "Sigurdsson, Birkir Karl"]
[Result "1/2-1/2"]
[WhiteElo "2034"]
[BlackElo "1767"]
[WhiteFideId "405485"]
[BlackFideId "2304180"]
[EventDate "2015.03.10"]

1. d4 e6 2. c4 Nf6 3. Nc3 Bb4 4. Qc2 O-O 5. e4 d5 6. e5 Ne4 7. Bd3 c5 8. cxd5
exd5 9. Ne2 cxd4 10. Nxd4 Nd7 11. f4 Ndc5 12. O-O Nxd3 13. Qxd3 Bxc3 14. bxc3
Qa5 15. Be3 Qxc3 16. Qxc3 Nxc3 17. Rfc1 Ne4 18. Nb5 b6 19. Nc7 Rb8 20. Nxd5 Bb7
21. Ne7+ Kh8 22. Rc7 Rfd8 23. Rac1 h6 24. f5 Nc5 25. f6 Rd7 26. Rxd7 Nxd7 27.
fxg7+ Kxg7 28. Nf5+ Kg6 29. Ne7+ Kg7 30. Bd4 Kf8 31. Nf5 Rc8 32. Rxc8+ Bxc8 33.
Nxh6 Nc5 34. g4 Ne6 35. Bb2 Nf4 36. Nf5 Bb7 37. Ba3+ Kg8 38. h4 Ne2+ 39. Kf2 Nc3
40. Nd4 Nxa2 1/2-1/2

[Event "Reykjavik Open 2015"]
[Site "Reykjavik ISL"]
[Date "2015.03.11"]
[Round "3.92"]
[White "Cabello Aguilar, Enrique"]
[Black "Ragnarsson, Heimir Pall"]
[Result "1-0"]
[WhiteElo "2015"]
[BlackElo "1497"]
[WhiteFideId "2231115"]
[BlackFideId "2308860"]
[EventDate "2015.03.10"]

1. d4 Nf6 2. c4 c5 3. d5 b5 4. cxb5 a6 5. bxa6 Bxa6 6. g3 d6 7. Bg2 g6 8. Nf3
Bg7 9. Nc3 Nbd7 10. Rb1 O-O 11. O-O Ng4 12. Qc2 Qb6 13. b3 Rfb8 14. h3 Ngf6 15.
a4 Qc7 16. Re1 Nb6 17. e4 Nfd7 18. Bf4 Ra7 19. Bd2 Ne5 20. Nxe5 Bxe5 21. Kh2 Nd7
22. Bf1 Bxf1 23. Rxf1 Rab7 24. Nb5 Qb6 25. Kg2 Qa6 26. Bc3 Bxc3 27. Qxc3 Nb6 28.
Ra1 Rc8 29. Rfc1 c4 30. Qb4 cxb3 31. Rxc8+ Nxc8 32. Qxb3 Nb6 33. Nd4 Nc4 34. Qc3
Nb2 35. Rb1 1-0

[Event "Reykjavik Open 2015"]
[Site "Reykjavik ISL"]
[Date "2015.03.11"]
[Round "3.93"]
[White "Magnusdottir, Veronika Steinunn"]
[Black "Benet Morant, Damia"]
[Result "0-1"]
[WhiteElo "1571"]
[BlackElo "2044"]
[WhiteFideId "2309114"]
[BlackFideId "2291959"]
[EventDate "2015.03.10"]

1. e4 c5 2. Nf3 e6 3. d4 cxd4 4. Nxd4 Nc6 5. Nc3 Qc7 6. g3 a6 7. Bg2 Nf6 8. O-O
Be7 9. Kh1 d6 10. f4 Bd7 11. Nb3 Rd8 12. Be3 Na5 13. Nd2 b5 14. a4 b4 15. Ne2
Bc6 16. Nd4 Bb7 17. Qe2 Rc8 18. Rac1 Nc4 19. Nxc4 Qxc4 20. Qd3 O-O 21. Nb3 Bxe4
22. Bxe4 Qxe4+ 23. Qxe4 Nxe4 24. a5 Bf6 25. Nd4 Rc4 26. Rfd1 Rfc8 27. b3 Rc3 28.
Bg1 d5 29. Kg2 g6 30. Kf1 Bxd4 31. Rxd4 Rxb3 32. Re1 Rxc2 33. Be3 Rxh2 34. Bg1
Nxg3# 0-1

[Event "Reykjavik Open 2015"]
[Site "Reykjavik ISL"]
[Date "2015.03.11"]
[Round "3.94"]
[White "Steinthorsson, Felix"]
[Black "Jonsson, Gauti Pall"]
[Result "0-1"]
[WhiteElo "1634"]
[BlackElo "1968"]
[WhiteFideId "2310040"]
[BlackFideId "2309092"]
[EventDate "2015.03.10"]

1. d4 Nf6 2. Bg5 c5 3. Bxf6 gxf6 4. Nf3 Qb6 5. dxc5 Qxb2 6. Nbd2 Qc3 7. e4 Bh6
8. Bc4 d6 9. cxd6 Bg4 10. Bb5+ Nc6 11. O-O O-O-O 12. Bxc6 bxc6 13. Rb1 Rxd6 14.
Rb3 Qxd2 15. Qb1 Bxf3 16. Rb8+ Kd7 17. Rxh8 Bxe4 18. Qb8 Ke6 19. Qb3+ Rd5 20.
Qc4 Qxc2 21. Qa6 Be3 22. Qc8+ Ke5 23. Qc7+ Ke6 24. Qc8+ Rd7 25. Rd8 Bxf2+ 26.
Rxf2 Qb1+ 0-1

[Event "Reykjavik Open 2015"]
[Site "Reykjavik ISL"]
[Date "2015.03.11"]
[Round "3.95"]
[White "Halldorsson, Haukur"]
[Black "Petersson, Baldur Teodor"]
[Result "0-1"]
[WhiteElo "1575"]
[BlackElo "1951"]
[WhiteFideId "2305089"]
[BlackFideId "2309157"]
[EventDate "2015.03.10"]

1. c4 c6 2. d4 d5 3. e3 Nf6 4. Nc3 a6 5. c5 Nbd7 6. Nf3 Qc7 7. Be2 e5 8. O-O e4
9. Nd2 Be7 10. f3 exf3 11. Bxf3 O-O 12. Kh1 Re8 13. Re1 Nf8 14. Nf1 Bf5 15. Ng3
Bg6 16. Nce2 Ne6 17. Nf4 Ng5 18. Nxg6 hxg6 19. Bd2 Bd8 20. Rf1 Nfe4 21. Bxe4
Nxe4 22. Nxe4 Rxe4 23. Rf4 Re6 24. Qf3 Bg5 25. Rg4 Qe7 26. Re1 Re8 27. Rg3 Bh4 0-1

[Event "Reykjavik Open 2015"]
[Site "Reykjavik ISL"]
[Date "2015.03.11"]
[Round "3.96"]
[White "Jonasson, Hordur"]
[Black "Jonsson, Olafur Gisli"]
[Result "0-1"]
[WhiteElo "1562"]
[BlackElo "1899"]
[WhiteFideId "2311224"]
[BlackFideId "2302705"]
[EventDate "2015.03.10"]

1. e4 c5 2. Nf3 Nc6 3. d4 cxd4 4. Nxd4 Nf6 5. Nc3 d6 6. Be2 e6 7. Bg5 a6 8. O-O
Be7 9. Kh1 O-O 10. f4 Qc7 11. Nxc6 bxc6 12. Qe1 h6 13. Bh4 Rb8 14. Rb1 a5 15.
Bd3 e5 16. Bxf6 Bxf6 17. f5 Bb7 18. Rf3 d5 19. Rh3 Rfd8 20. Qg3 Kh7 21. Qf3 Ba8
22. a3 Qd6 23. Nd1 c5 24. c3 dxe4 0-1

[Event "Reykjavik Open 2015"]
[Site "Reykjavik ISL"]
[Date "2015.03.11"]
[Round "3.97"]
[White "Ingason, Sigurdur"]
[Black "Luu, Robert"]
[Result "1-0"]
[WhiteElo "1880"]
[BlackElo "1362"]
[WhiteFideId "2301709"]
[BlackFideId "2311798"]
[EventDate "2015.03.10"]

1. d4 Nf6 2. Nf3 e6 3. e3 d5 4. Bd3 Be7 5. Nbd2 b6 6. Qe2 c5 7. c3 O-O 8. O-O
Bb7 9. e4 dxe4 10. Nxe4 Nbd7 11. Rd1 Qc7 12. Bg5 Nd5 13. Bxe7 Nxe7 14. Neg5 Ng6
15. Nxe6 fxe6 16. Qxe6+ Kh8 17. Bxg6 Rf6 18. Qe7 Rxg6 19. Ne5 Rxg2+ 20. Kf1 Rf8
21. Rd2 Rxh2 22. Re1 Rh1+ 23. Ke2 Rh2 24. Kd1 Kg8 25. Nxd7 Rd8 26. Nf6+ 1-0

[Event "Reykjavik Open 2015"]
[Site "Reykjavik ISL"]
[Date "2015.03.11"]
[Round "3.98"]
[White "Sibiya, Ruddy T"]
[Black "Kristjansson, Halldor Atli"]
[Result "1-0"]
[WhiteElo "1784"]
[BlackElo "1335"]
[WhiteFideId "14308711"]
[BlackFideId "2310988"]
[EventDate "2015.03.10"]

1. c4 e5 2. Nc3 Bb4 3. Nd5 Bc5 4. d3 Ne7 5. Nf3 d6 6. Bg5 f6 7. Bd2 Be6 8. Qb3
Bb6 9. Nxb6 axb6 10. e4 O-O 11. d4 Kh8 12. Be2 Bg4 13. d5 Na6 14. Qc2 f5 15. Ng5
Rf6 16. f3 Bh5 17. Ne6 Qd7 18. exf5 Nc5 19. g4 Bf7 20. Bg5 Ng8 21. b4 1-0

[Event "Reykjavik Open 2015"]
[Site "Reykjavik ISL"]
[Date "2015.03.11"]
[Round "3.103"]
[White "Einarsson, Oskar Long"]
[Black "Eijk, Yuri"]
[Result "0-1"]
[WhiteElo "1574"]
[BlackElo "2062"]
[WhiteFideId "2309220"]
[BlackFideId "1017810"]
[EventDate "2015.03.10"]

1. e4 c5 2. Nf3 Nc6 3. d4 cxd4 4. Nxd4 g6 5. Nc3 Bg7 6. Be3 Nf6 7. Be2 O-O 8.
O-O d5 9. Nxc6 bxc6 10. exd5 Nxd5 11. Nxd5 cxd5 12. c3 e5 13. Qd2 Bb7 14. Rad1
Qc7 15. Bh6 Bxh6 16. Qxh6 Qb6 17. Rd3 f6 18. Qd2 Rab8 19. b3 Rbc8 20. Rc1 Rf7
21. Qb2 Rfc7 22. Rd2 a5 23. Rdc2 Kg7 24. Qa3 Rc5 25. Bd1 Qc6 26. b4 Rc4 27. Be2
axb4 28. Qb3 Rxc3 29. Rxc3 bxc3 30. Rxc3 Qxc3 31. Qxb7+ Rc7 32. Qxd5 Qd4 33. Qe6
Rc1+ 34. Bf1 Rxf1+ 0-1

[Event "Reykjavik Open 2015"]
[Site "Reykjavik ISL"]
[Date "2015.03.11"]
[Round "3.104"]
[White "Chan, James"]
[Black "Klofsrud, August"]
[Result "1-0"]
[WhiteElo "2038"]
[BlackElo "1571"]
[WhiteFideId "2605775"]
[BlackFideId "1518232"]
[EventDate "2015.03.10"]

1. e4 e6 2. d4 d5 3. e5 c5 4. c3 Nc6 5. Nf3 Nge7 6. a3 cxd4 7. cxd4 Nf5 8. b4
Qb6 9. Bb2 Be7 10. Qd2 f6 11. Bd3 O-O 12. O-O Kh8 13. Bxf5 exf5 14. Nc3 a5 15.
Nxd5 Qd8 16. Nxe7 Qxe7 17. exf6 Rxf6 18. d5 Rd6 19. Rfe1 Qf7 20. Qc3 Ne7 21. Qe5
Rd7 22. Ng5 Qg8 23. d6 Ng6 24. Qe8 Rd8 25. Nf7# 1-0

[Event "Reykjavik Open 2015"]
[Site "Reykjavik ISL"]
[Date "2015.03.11"]
[Round "3.105"]
[White "Babijczuk, Wojciech"]
[Black "Thiry, Jean-Christophe"]
[Result "0-1"]
[WhiteElo "1549"]
[BlackElo "2031"]
[WhiteFideId "1190881"]
[BlackFideId "209015"]
[EventDate "2015.03.10"]

1. e4 e5 2. Nf3 d6 3. h3 Nf6 4. c3 c6 5. d3 Nbd7 6. Be2 Be7 7. O-O O-O 8. Be3
Qc7 9. Nbd2 d5 10. Qc1 Rd8 11. Bg5 Nc5 12. Qc2 Ne6 13. d4 exd4 14. cxd4 Nxg5 15.
Nxg5 Qf4 16. Ngf3 dxe4 17. Ne5 Be6 18. Bc4 Rxd4 19. Nxc6 bxc6 20. Bxe6 Rxd2 21.
Qxc6 Rad8 22. Bb3 h6 23. g3 Qf5 24. Rad1 Rxd1 25. Rxd1 Rxd1+ 26. Bxd1 Bc5 27.
Bf3 Bb6 28. Qe8+ Kh7 29. Bxe4 Nxe4 30. Kh1 Nxf2+ 31. Kh2 Qxh3+ 32. Kg1 Ne4# 0-1

[Event "Reykjavik Open 2015"]
[Site "Reykjavik ISL"]
[Date "2015.03.11"]
[Round "3.106"]
[White "Fjallheim, Leif Reinert"]
[Black "Murray, Michael A."]
[Result "0-1"]
[WhiteElo "1525"]
[BlackElo "2008"]
[WhiteFideId "7201788"]
[BlackFideId "2609126"]
[EventDate "2015.03.10"]

1. e4 Nc6 2. Nf3 e6 3. d4 d5 4. e5 f6 5. Bb5 Bd7 6. Nc3 Qe7 7. O-O Qf7 8. Bf4 g5
9. Bg3 g4 10. Bxc6 Bxc6 11. Nd2 f5 12. Nb3 b6 13. a4 Ne7 14. Qd3 Ng6 15. f4 h5
16. Nb5 h4 17. Be1 Bh6 18. Bd2 Qd7 19. Be3 Bf8 20. Nd2 a6 21. Nc3 Be7 22. b3 Kf7
23. Ra2 Rhc8 24. Rfa1 Bb7 25. Ne2 c5 26. c3 a5 27. Qb5 Qc7 28. Qd3 Ba6 29. c4
Rd8 30. Rb1 Rd7 31. Rab2 Rad8 32. g3 h3 33. Kf2 Qb7 34. Rg1 cxd4 35. Bxd4 dxc4
36. bxc4 Qc6 37. Qe3 Rxd4 38. Nxd4 Rxd4 39. Ke1 Bc5 40. Qc3 Rxd2 41. Qxd2 Qe4+
42. Kd1 Bxg1 43. Qd8 Qd4+ 44. Qxd4 Bxd4 45. Rc2 Ne7 46. Kd2 Ke8 47. Kd3 Bc5 48.
Kc3 Bb7 49. Kb3 Bg1 50. c5 Bd5+ 51. Kc3 bxc5 52. Kd2 Bxh2 53. Ke2 Bxg3 54. Rxc5
h2 55. Rxa5 h1=Q 56. Rxd5 Qxd5 57. a5 Bxf4 58. a6 Qxe5+ 59. Kd1 Qd6+ 60. Ke2
Qxa6+ 61. Kf2 Qa2+ 62. Kf1 Be3 63. Ke1 Qd2+ 64. Kf1 Qf2# 0-1

[Event "Reykjavik Open 2015"]
[Site "Reykjavik ISL"]
[Date "2015.03.11"]
[Round "3.107"]
[White "D'Aste, Federico"]
[Black "Stuhr, Peter Sebastian"]
[Result "0-1"]
[WhiteElo "1499"]
[BlackElo "1973"]
[WhiteFideId "899216"]
[BlackFideId "1426729"]
[EventDate "2015.03.10"]

1. e4 d6 2. d4 Nf6 3. Bc4 Nbd7 4. Nc3 c6 5. a4 b6 6. Nf3 e6 7. Bf4 Qc7 8. Qe2 e5
9. dxe5 dxe5 10. Bg3 Bb4 11. Rd1 O-O 12. h3 h6 13. Nh4 Nc5 14. Bb3 Ncxe4 15. Qf3
Nxg3 16. Qxg3 Bxc3+ 17. Qxc3 Kh7 18. Bd5 Nxd5 19. Rxd5 Qe7 20. Qxc6 Bb7 21. Nf5
Qb4+ 0-1

[Event "Reykjavik Open 2015"]
[Site "Reykjavik ISL"]
[Date "2015.03.11"]
[Round "3.108"]
[White "Klausen, Kris"]
[Black "Paillat, Cecile"]
[Result "1-0"]
[WhiteElo "1937"]
[BlackElo "1485"]
[WhiteFideId "1445570"]
[BlackFideId "26035812"]
[EventDate "2015.03.10"]

1. d4 e6 2. c4 d5 3. g3 Nf6 4. Bg2 Nbd7 5. Qc2 c5 6. Nf3 Be7 7. O-O O-O 8. Nc3
b6 9. dxc5 bxc5 10. Bf4 a6 11. Ne5 Bb7 12. Qb3 Nb6 13. Rfd1 Bd6 14. cxd5 exd5
15. Na4 Nxa4 16. Qxb7 Bxe5 17. Bxe5 Re8 18. f4 Re7 19. Qc6 Qe8 20. Bxd5 Nxd5 21.
Qxd5 Re6 22. b3 Nb6 23. Qxc5 Rd8 24. Bc7 Rc8 25. Rac1 h6 26. Qa5 Na8 27. Be5 f6
28. Rxc8 Qxc8 29. Rd8+ Re8 30. Rxc8 Rxc8 31. Qxa6 Rc1+ 32. Kf2 fxe5 33. Qxa8+ 1-0

[Event "Reykjavik Open 2015"]
[Site "Reykjavik ISL"]
[Date "2015.03.11"]
[Round "3.109"]
[White "Finnsson, Johann Arnar"]
[Black "Fivelstad, Jon Olav"]
[Result "0-1"]
[WhiteElo "1491"]
[BlackElo "1929"]
[WhiteFideId "2308240"]
[BlackFideId "1510339"]
[EventDate "2015.03.10"]

1. e4 d6 2. Nc3 Nf6 3. d3 g6 4. g3 Bg7 5. Bg2 O-O 6. Nge2 c6 7. O-O Nbd7 8. Be3
Qc7 9. Qd2 b5 10. Bh6 Bb7 11. a3 a5 12. Bxg7 Kxg7 13. f4 b4 14. Nd1 c5 15. b3
bxa3 16. Rxa3 c4 17. bxc4 Qc5+ 18. d4 Qxa3 19. e5 Ne4 20. Bxe4 Bxe4 21. exd6
Qxd6 22. d5 Qc5+ 23. Nf2 Nf6 24. Nc3 a4 25. Re1 Bf5 26. Kg2 Qxc4 27. g4 Nxg4 28.
Nxg4 Bxg4 29. f5 Bxf5 30. d6 Qg4+ 0-1

[Event "Reykjavik Open 2015"]
[Site "Reykjavik ISL"]
[Date "2015.03.11"]
[Round "3.110"]
[White "Kravchuk, Mykhaylo"]
[Black "Hojgaard, Brandur"]
[Result "1/2-1/2"]
[WhiteElo "1475"]
[BlackElo "1787"]
[WhiteFideId "2310007"]
[BlackFideId "7201478"]
[EventDate "2015.03.10"]

1. e4 e5 2. f4 Nf6 3. d3 Nc6 4. Nf3 d6 5. Nc3 Be7 6. Be2 Nd4 7. h3 Nh5 8. O-O
Ng3 9. Rf2 Bh4 10. Nxh4 Qxh4 11. Bg4 h5 12. Bxc8 Rxc8 13. fxe5 dxe5 14. Be3 O-O
15. Bxd4 exd4 16. Ne2 Nxe2+ 17. Qxe2 g6 18. Raf1 Qe7 19. Qf3 Rcd8 20. c3 c5 21.
c4 Rd6 22. a3 Re6 23. Qg3 Kg7 24. Rf4 b6 25. b3 Re5 26. Rf6 Qxf6 27. Rxf6 Kxf6
28. Qf4+ Ke6 29. Qh6 Rd8 30. g4 hxg4 31. hxg4 Ke7 32. Qh4+ g5 33. Qh6 Rd6 34.
Qg7 Ke6 35. Qh6+ Ke7 36. Qg7 Ke6 37. Qh6+ Ke7 38. Qg7 Rde6 39. Kg2 a5 40. a4 Rf6
41. Qh8 Ree6 42. Qc8 Rf4 43. Qc7+ Kf6 44. Qd8+ Kg6 45. Qg8+ 1/2-1/2

[Event "Reykjavik Open 2015"]
[Site "Reykjavik ISL"]
[Date "2015.03.11"]
[Round "3.111"]
[White "Opasiak, Dustin Tennessee"]
[Black "Davidsson, Oskar Vikingur"]
[Result "1-0"]
[WhiteElo "1781"]
[BlackElo "1454"]
[WhiteFideId "24630217"]
[BlackFideId "2310627"]
[EventDate "2015.03.10"]

1. e4 c5 2. Ne2 Nc6 3. Nbc3 a6 4. g3 e6 5. Bg2 Qc7 6. d3 Be7 7. O-O Nf6 8. Kh1
O-O 9. a3 d6 10. f4 b5 11. f5 e5 12. Bd2 Nd4 13. Na2 Bb7 14. Rc1 d5 15. Nec3
dxe4 16. Nxe4 Nxe4 17. dxe4 Rad8 18. Qe1 Rd7 19. Nc3 b4 20. axb4 cxb4 21. Nd5
Bxd5 22. exd5 Nxc2 23. Qe4 b3 24. f6 Bd6 25. fxg7 Rc8 26. Bh3 Rdd8 27. Bxc8 Rxc8
28. Rf3 Qc4 29. Qxc4 Rxc4 30. Rxb3 e4 31. Rc3 e3 32. Rxc4 exd2 33. R4xc2 dxc1=Q+
34. Rxc1 1-0

[Event "Reykjavik Open 2015"]
[Site "Reykjavik ISL"]
[Date "2015.03.11"]
[Round "3.112"]
[White "Sigurvaldason, Hjalmar"]
[Black "Kruglyak, Mikhail"]
[Result "1-0"]
[WhiteElo "1450"]
[BlackElo "1775"]
[WhiteFideId "2306018"]
[BlackFideId "2082896"]
[EventDate "2015.03.10"]

1. d4 Nf6 2. Bg5 c6 3. Nc3 d5 4. Bxf6 gxf6 5. e4 dxe4 6. Nxe4 Bf5 7. Ng3 Bg6 8.
Bc4 e6 9. Nf3 h5 10. h4 Qb6 11. Bb3 Na6 12. c3 O-O-O 13. O-O Bd6 14. Qe2 Bxg3
15. fxg3 Bf5 16. Nd2 Rde8 17. Nc4 Qc7 18. Rxf5 exf5 19. Qf3 Qd7 20. Ne3 c5 21.
Nxf5 Qc7 22. Bxf7 Rd8 23. Bxh5 cxd4 24. Nxd4 Kb8 25. g4 Qb6 26. Qe2 Nc7 27. Kh2
Nd5 28. g3 Rd7 29. Nf5 Rhd8 30. Kh3 Nxc3 31. bxc3 Rd2 32. Qe4 Qf2 33. Rh1 Re2
34. Qf4+ Qxf4 35. gxf4 Rd3+ 36. Ng3 Rxa2 37. Bf7 Ra3 38. Rg1 Raxc3 39. h5 a5 40.
h6 b5 41. h7 Rd8 42. Bg8 Rcc8 43. h8=Q Rxg8 44. Qxf6 Rh8+ 45. Nh5 1-0

[Event "Reykjavik Open 2015"]
[Site "Reykjavik ISL"]
[Date "2015.03.11"]
[Round "3.113"]
[White "Nilsen, Tobias Lang"]
[Black "Chadwick, Susan E"]
[Result "1-0"]
[WhiteElo "1761"]
[BlackElo "1370"]
[WhiteFideId "1521624"]
[BlackFideId "407305"]
[EventDate "2015.03.10"]

1. e4 c5 2. Nf3 d6 3. Bb5+ Nc6 4. d4 cxd4 5. Nxd4 Bd7 6. c4 a6 7. Ba4 Nxd4 8.
Bxd7+ Qxd7 9. Qxd4 Nf6 10. Nc3 g6 11. Nd5 Nxd5 12. Qxh8 Nf6 13. Bg5 O-O-O 14.
Bxf6 exf6 15. Qxf6 Be7 16. Qf3 Qe6 17. O-O Rd7 18. Rac1 Rc7 19. Qd3 Bf6 20. Rc2
Be5 21. f4 Bg7 22. Rd1 f5 23. exf5 gxf5 24. Qxd6 Qxd6 25. Rxd6 Re7 26. Rd5 Re4
27. g3 Bd4+ 28. Kg2 Ba7 29. Rxf5 Re7 30. Re5 Rg7 31. Rce2 Rd7 32. Re8+ Kc7 33.
R8e7 Bc5 34. Rxd7+ Kxd7 35. g4 Bd6 36. Rd2 Kc6 37. Kf3 Kc5 38. Rd5+ Kc6 39. Ke4
b5 40. cxb5+ axb5 41. Rxd6+ Kxd6 42. Kd4 Ke6 43. f5+ Kf6 44. Ke4 h6 45. Kf4 b4
46. h4 1-0

[Event "Reykjavik Open 2015"]
[Site "Reykjavik ISL"]
[Date "2015.03.11"]
[Round "3.114"]
[White "Mai, Aron Thor"]
[Black "Kjartansson, Dagur"]
[Result "0-1"]
[WhiteElo "1320"]
[BlackElo "1756"]
[WhiteFideId "2313383"]
[BlackFideId "2303299"]
[EventDate "2015.03.10"]

1. e4 c5 2. d4 cxd4 3. c3 dxc3 4. Nxc3 g6 5. Nf3 Bg7 6. Bc4 Nc6 7. O-O d6 8. Bf4
Nf6 9. Qe2 Bg4 10. h3 Nd4 11. Bb5+ Nd7 12. Qd3 Nxf3+ 13. gxf3 Bxh3 14. Rfd1 O-O
15. Kh2 Nc5 16. Qe3 Bd7 17. Bc4 Be6 18. Nd5 Nd7 19. Bh6 Ne5 20. Bb3 Bg4 21. Bxg7
Kxg7 22. Kg3 Bxf3 23. Rh1 Bxh1 24. Rxh1 h5 25. Bd1 Rh8 26. f4 Ng4 27. Qd4+ e5
28. Qc3 Nf6 29. Qd2 Nxe4+ 0-1

[Event "Reykjavik Open 2015"]
[Site "Reykjavik ISL"]
[Date "2015.03.11"]
[Round "3.115"]
[White "Starosciak, Adrian"]
[Black "Steingrimsson, Karl Egill"]
[Result "1-0"]
[WhiteElo "1304"]
[BlackElo "1720"]
[WhiteFideId "1192140"]
[BlackFideId "2304791"]
[EventDate "2015.03.10"]

1. e4 c5 2. Nf3 Nc6 3. Bc4 e6 4. Nc3 a6 5. a4 d6 6. d4 cxd4 7. Nxd4 Be7 8. b4
Nxb4 9. Rb1 d5 10. exd5 exd5 11. Qe2 a5 12. Bb5+ Kf8 13. O-O Bd7 14. Re1 Bf6 15.
Be3 Rc8 16. Bxd7 Qxd7 17. Ncb5 Ne7 18. c3 Nbc6 19. Nxc6 bxc6 20. Nd4 Bxd4 21.
Bxd4 Re8 22. Bc5 f6 23. Bxe7+ Rxe7 24. Rb8+ Kf7 25. Qxe7+ Qxe7 26. Rxe7+ 1-0

[Event "Reykjavik Open 2015"]
[Site "Reykjavik ISL"]
[Date "2015.03.11"]
[Round "3.117"]
[White "Lemery, Jon Thor"]
[Black "Gaarder, Hans K."]
[Result "0-1"]
[WhiteElo "1273"]
[BlackElo "1701"]
[WhiteFideId "2313499"]
[BlackFideId "1510479"]
[EventDate "2015.03.10"]

1. e4 e6 2. d3 d5 3. Nd2 Nf6 4. e5 Nfd7 5. d4 c5 6. c3 Nc6 7. Nb3 Be7 8. Be3 O-O
9. Qg4 f5 10. Qh3 f4 11. Bd2 Nb6 12. Nf3 cxd4 13. Nfxd4 Nxd4 14. Nxd4 Nc4 15.
Bxc4 dxc4 16. Nxe6 Qb6 17. Qf3 Bxe6 18. O-O-O Rad8 19. Bxf4 Bg5 20. g3 Rxd1+ 21.
Rxd1 Bxf4+ 22. gxf4 Bf5 23. Qd5+ Be6 24. Qf3 Qc7 25. Rd6 Qc8 26. Qe4 g6 27. h4
Kg7 28. a3 Re8 29. Qd4 a6 30. f3 Re7 31. Qb6 Bf5 32. Qd4 Kh6 33. Qg1 Kg7 34. Qg5
Re6 35. a4 h6 36. Qg1 Rxd6 37. exd6 Qc6 38. Qd4+ Kf7 39. Qe5 Qd7 40. a5 Qe6 41.
Kd2 Ke8 42. Ke3 Kd7 43. Kd4 Qxd6+ 44. Qxd6+ Kxd6 45. Kxc4 Be6+ 46. Kd4 Bd5 47.
c4 Bxf3 48. b4 Ke6 49. b5 axb5 50. cxb5 Kf5 51. Ke3 Kg4 52. a6 bxa6 53. bxa6 Bc6
54. a7 Kxh4 55. f5 Kg5 56. f6 Kxf6 57. Kf4 g5+ 58. Kg4 Kg6 59. Kh3 h5 60. Kg3
Kf5 61. Kh3 Kf4 62. Kh2 g4 63. Kg1 Kg3 64. Kf1 h4 65. Kg1 h3 66. Kf1 0-1

[Event "Reykjavik Open 2015"]
[Site "Reykjavik ISL"]
[Date "2015.03.11"]
[Round "3.118"]
[White "Davidsson, Stefan Orri"]
[Black "Bogut, Maksymilian"]
[Result "0-1"]
[WhiteElo "1038"]
[BlackElo "1697"]
[WhiteFideId "2311399"]
[BlackFideId "1185810"]
[EventDate "2015.03.10"]

1. e4 e5 2. Nf3 Nc6 3. d4 exd4 4. Nxd4 Nf6 5. Nxc6 bxc6 6. e5 Nd5 7. c4 Nb6 8.
Nc3 d5 9. b3 Bb4 10. Bd2 Be6 11. Ne4 Be7 12. cxd5 cxd5 13. Ng3 O-O 14. Bd3 f5
15. exf6 Bxf6 16. Rb1 Bd4 17. O-O c5 18. Qh5 g6 19. Qe2 Qf6 20. Be3 Rae8 21. Qd2
Qe5 22. Bxd4 Qxd4 23. Ne2 Qf6 24. Ng3 c4 25. Be2 c3 26. Qd3 h5 27. Bxh5 gxh5 28.
Nxh5 Qf5 29. Qxf5 Bxf5 30. Rbc1 c2 31. Ng3 Bg6 32. Rfe1 Rxe1+ 33. Rxe1 d4 34.
Ne2 Re8 35. Kf1 d3 36. g4 Rxe2 0-1